| 000 | 01018cam a2200277 a 4500 | ||
|---|---|---|---|
| 001 | 14787033 | ||
| 005 | 20241025111620.0 | ||
| 008 | 070328s2008 maua b 001 0 eng | ||
| 020 | _a9780073128115 (alk. paper) | ||
| 020 | _a9780073128115 | ||
| 050 | 0 | 0 |
_aHB172.5 _b.D67 2008 |
| 082 | 0 | 0 |
_a339 _222 |
| 100 | 1 | _aDornbusch, Rudiger. | |
| 245 | 1 | 0 |
_aMacroeconomics / _cRudiger Dornbusch, Stanley Fischer, Richard Startz. |
| 250 | _a10th ed. | ||
| 260 |
_aBoston : _bMcGraw-Hill, _cc2008. |
||
| 300 |
_axxii, 629 p. : _bill. ; _c24 cm. |
||
| 500 | _aIncludes Index | ||
| 650 | 0 | _aMacroeconomics. | |
| 700 | 1 | _aFischer, Stanley. | |
| 700 | 1 |
_aStartz, Richard, _d1952- |
|
| 856 | 4 | 1 |
_3Table of contents only _uhttp://www.loc.gov/catdir/toc/ecip0714/2007013000.html |
| 856 | 4 | 2 |
_3Contributor biographical information _uhttp://www.loc.gov/catdir/enhancements/fy0743/2007013000-b.html |
| 856 | 4 | 2 |
_3Publisher description _uhttp://www.loc.gov/catdir/enhancements/fy0743/2007013000-d.html |
| 942 |
_2lcc _cBK _e10th Ed. _n0 |
||
| 999 |
_c180 _d180 |
||